| 000 | 00938nam a2200253Ia 4500 | ||
|---|---|---|---|
| 003 | OSt | ||
| 005 | 20220825104323.0 | ||
| 008 | 210716s1999 xx 000 0 und d | ||
| 020 | _a9788173712548 | ||
| 040 | _cAIMIT LIBRARY | ||
| 041 | _aeng | ||
| 082 |
_a574 _21 _bRAMG |
||
| 245 |
_aPerspectives in structural biology / _cEdited by Vijayan, M; Yathindra, N and A S Kolaskar. |
||
| 250 | _a1st ed. | ||
| 260 |
_aHyderabad : _bUniversities Press , _c1999. |
||
| 300 |
_axv,746p. ; _c24 cm. |
||
| 650 |
_aStructural basis of molecular mimicry and its implications to immune response _955455 |
||
| 650 |
_aNetwork of functional water molecules and acetate ion binding in crystal structures of a and b porcine trypsin _955456 |
||
| 650 |
_aModular organization of aminoacyl _955457 |
||
| 700 |
_aVijayan M.,ed. _955458 |
||
| 700 |
_aYathindra N.,ed. _955459 |
||
| 700 |
_aKolaskar A S.,ed. _955460 |
||
| 942 |
_2ddc _cBK _e1st _k574 RAMG |
||
| 999 |
_c187446 _d187446 |
||